000 01486nam a22002535i 4500
001 48547
003 ES-MaACL
005 20250718184615.0
007 t|
008 950724m18821883sp ||||1| spa d
040 _aCAM
_bspa
_cCAM
245 0 0 _aDerrotero general del Mediterráneo /
_credactado en la Dirección de Hidrografía.
260 _aMadrid :
_bDirección de Hidrografía,
_c1882-1883.
300 _a3 v. :
_bil., lám. pleg ;
_c23 cm.
500 _aTomo 3 con fecha de 1882.
505 8 _aContiene: T. 1. Comprende el Estrecho de Gibraltar, la costa de España, las Islas Baleares y la costa de África desde Ceuta hasta la frontera de Túnez -- T. 2. Comprende las costas de Francia, las de Italia desde el Cabo Martín hasta el de Otranto en el Adriático, las de las islas de Córcega, Cerdeña, Sicilia, Archipiélago Toscano, de Malta y las de la Regencia de Túnez -- T. 3. Comprende desde el Cabo Lenguetta en la costa O. de Albania al de Malea en Grecia, las Islas Jónicas, Cerigo, Candía, Casso, Scarpanto, Sarria, Rodas y Chipre y las costas de Caramania, Siria, Egipto y Trípoli
594 _aPrecede al tít., en cada tomo, respectivamente: Núm. 3, 4, 5.
650 4 _aDerroteros-
_zMediterráneo (Región)
_9154844
700 1 _aMurga y Mugártegui, Gonzalo de
_984568
700 1 _aCarrasco y Guisasola, Francisco.
_935575
710 1 _aEspaña.
_bDirección de Hidrografía.
_93694
852 _aES-MaACL
_jG-11313-15
999 _c48547
_d48547